KOHA-Header-6

CMOS Circuit Design layout and Simultion (Record no. 59)

000 -LEADER
fixed length control field 00306nam a2200121Ia 4500
008 - FIXED-LENGTH DATA ELEMENTS--GENERAL INFORMATION
fixed length control field 190722s9999 xx 000 0 und d
020 ## - INTERNATIONAL STANDARD BOOK NUMBER
International Standard Book Number 978-81-265-2057-4
100 ## - MAIN ENTRY--PERSONAL NAME
Personal name R.Jacob Baker
245 #0 - TITLE STATEMENT
Title CMOS Circuit Design layout and Simultion
260 ## - PUBLICATION, DISTRIBUTION, ETC. (IMPRINT)
Place of publication, distribution, etc India
Name of publisher, distributor, etc Wiley Sons
Date of publication, distribution, etc 2012
300 ## - PHYSICAL DESCRIPTION
Extent 1038
942 ## - ADDED ENTRY ELEMENTS (KOHA)
Koha item type Books
Holdings
Withdrawn status Lost status Damaged status Not for loan Collection code Permanent Location Current Location Shelving location Date acquired Full call number Barcode Date last seen Price effective from Koha item type
        CSE MAJU MAJU Shelf No.A31 2019-07-22 621.381 6685 2019-07-22 2019-07-22 Computer System Engineering

Powered by Koha